| 000 | 01065 a2200205 4500 | ||
|---|---|---|---|
| 001 | 25235 | ||
| 005 | 20260407155536.0 | ||
| 008 | 260407a1982 arg spa d | ||
| 003 | AR-UNSa-BCEJYS | ||
| 040 |
_aAR-UNSa-BCEJYS _bspa _cAR-UNSa-BCEJYS |
||
| 080 |
_a336.226.111 _xImpuestos sobre ingresos totales (Ingresos brutos - Convenio Multilateral) |
||
| 245 | 1 | 0 |
_aImpuesto a los ingresos brutos _pRégimen de las ordenanzas de la Municipalidad de la Ciudad de Buernos Aires y concordancias con las leyes de las provincias de Buenos Aires, Córdoba, Mendoza y Santa Fé. |
| 264 | 1 |
_aBuenos Aires : _bDepalma _c1982 |
|
| 300 |
_a406 p. _c23 cm. |
||
| 505 | _aParte General : 1. Principios generales - 2. Convenio multilateral - 3. Coparticipación federal - 4. Coparticipación vial - Parte Especial : 1. Hecho generador del impuesto(hecho imponible)- 2. Régimen del impuesto - 3. Procedimiento contencioso - Apéndice. | ||
| 942 | _cBK | ||
| 590 | _aniveau_biblio:m niveau_hierar:0 | ||
| 100 | 1 | _aGiuliani Fonrouge, Carlos M. | |
| 700 | 1 | _aNavarrine, Susana Camila | |
| 999 |
_c1342 _d1342 |
||